000
00316nam a2200157Ia 4500
100
_a
Padmanabhan/Anil
650
_a
Ficiton
942
_c
BK
366
_f
20
654
_a
kalpana Chawla
245
_a
Kalpana Chawla a life
260
_b
Puffin books
_c
2003
300
_a
94
546
_a
ENGLISH
999
_c
33449
_d
33449